| 000 | 00549pam a2200181 a 4500 | ||
|---|---|---|---|
| 020 | _a0834803453 (soft) | ||
| 040 | _cDLC | ||
| 082 | 0 | 0 |
_a738 WEA 1995 A086 Or. _aB |
| 100 | 1 | _aPeterson, Susan, | |
| 245 | 1 | 0 |
_aShoji Hamada : _ba potter's way & work / |
| 250 | _a1st Weatherhill ed. | ||
| 260 |
_aNew York : _bWeatherhill, _c1995. |
||
| 300 |
_a239 p. : _bill. (some col.) ; _c26 cm. |
||
| 500 | _aOriginally published: Tokyo ; New York : Kodansha International, 1974. | ||
| 500 | _aIncludes index. | ||
| 650 | 0 | _aPottery, Japanese. | |
| 942 | _cEK | ||
| 999 |
_c12317 _d12317 |
||